000 01155nam a2200313 i 4500
003 CO-BoRNBP
005 20250117100718.0
007 ta
008 250117s2023 Uy a|||| |||| 00| 0 spa d
020 _a9789915651866
040 _aCO-BoRNBP
_bspa
_cCO-BoRNBP
_erda
041 _aspa
084 _aC CUE
100 _aEquipo Editorial Mammoth World
_eautor
_957545
245 _aMás y más cuentos para 6 años
_bpara niños y niños/
_cautoría e ilustraciones, Equipo Editorial Mammoth World; traducción, Equipo Editorial Latinbooks
250 _aPrimera edición
264 4 _aMontevideo, Uruguay,
_b©Latinbooks International S.A.
_c2023
300 _a96 páginas,
_bilustraciones a color, tapa dura,
_calto 26 cm ancho 21 cm
336 _2rdacontent
_atexto
_btxt
337 _2rdamedia
_asin mediación
_bn
338 _2rdacarrier
_avolumen
_bnc
490 _aMás y más cuentos
650 _2LEMB
_aLiteratura infantil
_92746
650 _2LEMB
_aCuentos para niñas y niños
_957556
650 _2LEMB
_aFábulas
_91053
650 _2LEMB
_aCuentos con animales
_929368
650 _2LEMB
_aCuentos para 6 años
_957559
942 _2ddc
_cBKINF
999 _c56769
_d56769